[Event "Festival International d'Eté JCL 2013 -"]
[Site "Montpellier"]
[Date "2013.07.10"]
[Round "5.2"]
[White "Kostiuk, Tatiana"]
[Black "Libiszewski, Fabien"]
[Result "0-1"]
[WhiteElo "2322"]
[BlackElo "2523"]
[PlyCount "78"]
[EventDate "2013.??.??"]
[EventType "swiss"]
[EventRounds "5"]
[EventCountry "FRA"]
[SourceDate "2005.09.12"]

1. d4 d6 2. Nf3 g6 3. g3 Bg7 4. Bg2 Nd7 5. O-O e5 6. dxe5 dxe5 7. Nc3 Ngf6 8.
Nd5 O-O 9. Nxf6+ Qxf6 10. Bd2 e4 11. Bc3 exf3 12. Bxf6 fxg2 13. Kxg2 Nxf6 14.
f3 b6 15. Qd2 Bb7 16. Rad1 Rae8 17. Kg1 c5 18. c3 Re7 19. Rfe1 Rfe8 20. Kf2 h6
21. a4 Bd5 22. Qc2 c4 23. Rd4 Be6 24. Red1 Nd7 25. Rd6 Nc5 26. Rd8 Nd3+ 27.
R1xd3 cxd3 28. Rxe8+ Rxe8 29. Qxd3 Bf8 30. Ke1 h5 31. Qa6 Re7 32. Kd2 Rd7+ 33.
Ke1 Kh7 34. a5 Bc5 35. axb6 Bxb6 36. Qb5 Rd5 37. Qc6 Be3 38. c4 Ra5 39. Kd1 Bf5
0-1

[Event "Festival International d'Eté JCL 2013 -"]
[Site "Montpellier"]
[Date "2013.07.10"]
[Round "5.3"]
[White "Prie, Eric"]
[Black "Duff, Rufus"]
[Result "1-0"]
[WhiteElo "2493"]
[BlackElo "2157"]
[PlyCount "61"]
[EventDate "2013.??.??"]
[EventType "swiss"]
[EventRounds "5"]
[EventCountry "FRA"]
[SourceDate "2005.09.12"]

1. d4 d5 2. Nc3 Nf6 3. Bf4 Bf5 4. f3 c6 5. g4 Bg6 6. h4 h5 7. g5 Ng8 8. e4 e6
9. Nge2 Bd6 10. Qd2 Ne7 11. a3 b5 12. Bh3 a5 13. O-O Na6 14. e5 Bc7 15. Ng3 Bb6
16. Be3 Nc7 17. Nce2 Nf5 18. Bxf5 Bxf5 19. Nf4 g6 20. Kg2 Kf8 21. Bf2 Qd7 22.
Rfe1 Kg7 23. Re2 Na6 24. Nxf5+ gxf5 25. Kh3 Rag8 26. Rg1 Bd8 27. Be3 Nb8 28. g6
Qe8 29. Reg2 Nd7 30. Qe1 Nf8 31. Nxh5+ 1-0

[Event "Festival International d'Eté JCL 2013 -"]
[Site "Montpellier"]
[Date "2013.07.10"]
[Round "5.4"]
[White "Inkiov, Ventzislav"]
[Black "Gelis, Dorian"]
[Result "1/2-1/2"]
[WhiteElo "2440"]
[BlackElo "2113"]
[PlyCount "69"]
[EventDate "2013.??.??"]
[EventType "swiss"]
[EventRounds "5"]
[EventCountry "FRA"]
[SourceDate "2005.09.12"]

1. d4 Nf6 2. c4 g6 3. Nc3 Bg7 4. e4 d6 5. f4 c5 6. d5 O-O 7. Nf3 a6 8. a4 b6 9.
Bd3 e6 10. dxe6 fxe6 11. O-O Nh5 12. Ng5 Bf6 13. Qg4 Nc6 14. Nxe6 Nd4 15. f5
Nxe6 16. fxe6 Ng7 17. Nd5 Bd4+ 18. Be3 Bxe6 19. Rxf8+ Qxf8 20. Qg5 Bxe3+ 21.
Nxe3 Qd8 22. Qf4 Qf8 23. Qh4 Qd8 24. Qf2 Qf8 25. Ra3 Qe7 26. Be2 Rf8 27. Bf3
Ne8 28. Rb3 Qd7 29. Rxb6 Qxa4 30. Qe2 Qa1+ 31. Qd1 Qa2 32. b3 Qa5 33. Rb7 Qd8
34. Bg4 Bf7 35. Bd7 1/2-1/2

[Event "Festival International d'Eté JCL 2013 -"]
[Site "Montpellier"]
[Date "2013.07.10"]
[Round "5.5"]
[White "Collas, Silvia"]
[Black "Thejkumar, M. S."]
[Result "0-1"]
[WhiteElo "2275"]
[BlackElo "2403"]
[PlyCount "122"]
[EventDate "2013.??.??"]
[EventType "swiss"]
[EventRounds "5"]
[EventCountry "FRA"]
[SourceDate "2005.09.12"]

1. Nf3 Nf6 2. c4 e6 3. Nc3 d5 4. d4 Be7 5. Bg5 O-O 6. e3 Nbd7 7. Rc1 a6 8. c5
c6 9. b4 Nh5 10. Bxe7 Qxe7 11. Be2 Nhf6 12. O-O e5 13. Na4 e4 14. Nd2 Re8 15.
Rc3 Nf8 16. Nb6 Rb8 17. a4 Bd7 18. b5 axb5 19. axb5 Ng6 20. Ra3 Bf5 21. Ra7 Qe6
22. Qa4 Bg4 23. Bxg4 Qxg4 24. Qd1 Qg5 25. Qe2 Nh4 26. g3 h5 27. Rfa1 cxb5 28.
Qxb5 Qg4 29. Qf1 Nf3+ 30. Nxf3 exf3 31. h3 Qf5 32. Kh2 g6 33. Ra8 Rxa8 34. Rxa8
Rxa8 35. Nxa8 Qc2 36. Nb6 Qa2 37. Kg1 Kg7 38. Qd1 Qe2 39. Qf1 g5 40. Nc8 Ne4
41. Ne7 Nxg3 42. fxg3 Qxe3+ 43. Kh2 Qe2+ 44. Kg1 Qxe7 45. Qxf3 Qe1+ 46. Kg2
Qd2+ 47. Kf1 Qxd4 48. Qxh5 Qe3 49. h4 Qxg3 50. hxg5 Qf4+ 51. Ke2 Qc4+ 52. Kf3
Qxc5 53. Qh6+ Kg8 54. Qf6 Qc6 55. Qd8+ Kg7 56. Kf4 b5 57. Qb8 Qc4+ 58. Kg3 Qc3+
59. Kg4 b4 60. Qd6 Qd4+ 61. Kf3 b3 0-1

[Event "Festival International d'Eté JCL 2013 -"]
[Site "Montpellier"]
[Date "2013.07.10"]
[Round "5.6"]
[White "Thetis, Jimmy"]
[Black "Bujisho, Benjamin"]
[Result "0-1"]
[WhiteElo "2071"]
[BlackElo "2381"]
[PlyCount "64"]
[EventDate "2013.??.??"]
[EventType "swiss"]
[EventRounds "5"]
[EventCountry "FRA"]
[SourceDate "2005.09.12"]

1. d4 Nf6 2. c4 e6 3. Nc3 Bb4 4. e3 O-O 5. Bd3 d5 6. Nf3 c5 7. O-O Nc6 8. a3
Ba5 9. Rb1 h6 10. h3 cxd4 11. exd4 dxc4 12. Bxc4 Ne7 13. Ne5 Bb6 14. Be3 Nf5
15. Ne2 Nd5 16. Qd3 Bc7 17. Bd2 Nb6 18. Bb4 Nxc4 19. Nxc4 Re8 20. Rfd1 a5 21.
Bc3 b5 22. Qf3 Qd5 23. Ne5 Qxf3 24. Nxf3 Ne7 25. Bd2 Bb7 26. Ne5 Red8 27. Rbc1
Bb6 28. Rc3 Nf5 29. Be3 f6 30. Ng6 e5 31. Rcd3 Be4 32. R3d2 Nxe3 0-1

[Event "Festival International d'Eté JCL 2013 -"]
[Site "Montpellier"]
[Date "2013.07.10"]
[Round "5.8"]
[White "Hofmann, Colin"]
[Black "Marholev, Dimitar"]
[Result "0-1"]
[WhiteElo "1741"]
[BlackElo "2308"]
[PlyCount "42"]
[EventDate "2013.??.??"]
[EventType "swiss"]
[EventRounds "5"]
[EventCountry "FRA"]
[SourceDate "2005.09.12"]

1. e4 g6 2. d4 Bg7 3. Nf3 d6 4. Be3 Nf6 5. Nc3 a6 6. Qd2 Ng4 7. Bg5 f6 8. Bh4
b5 9. a3 Bb7 10. Be2 h5 11. d5 c5 12. b4 Nd7 13. h3 Bh6 14. Qd1 Nge5 15. Nxe5
dxe5 16. g4 hxg4 17. Bxg4 cxb4 18. axb4 Qc7 19. Qd3 Rc8 20. Ra3 Bc1 21. Bxd7+
Qxd7 0-1

[Event "Festival International d'Eté JCL 2013 -"]
[Site "Montpellier"]
[Date "2013.07.10"]
[Round "5.10"]
[White "Valles, Manuel"]
[Black "Maache, Jawad"]
[Result "1-0"]
[WhiteElo "2282"]
[BlackElo "1544"]
[PlyCount "53"]
[EventDate "2013.??.??"]
[EventType "swiss"]
[EventRounds "5"]
[EventCountry "FRA"]
[SourceDate "2005.09.12"]

1. d4 d5 2. Nf3 c5 3. e3 Nc6 4. Be2 Nf6 5. O-O Bf5 6. b3 e6 7. c4 Bd6 8. cxd5
Nxd5 9. Bb2 O-O 10. Nbd2 Nf6 11. Nc4 Nb4 12. a3 Nbd5 13. Nxd6 Qxd6 14. dxc5
Qxc5 15. b4 Qe7 16. Qb3 Rac8 17. Rac1 Rfd8 18. Bd4 a6 19. Qb2 Qe8 20. Nh4 Rd6
21. f3 Rdc6 22. e4 Rxc1 23. Rxc1 Nf4 24. Rxc8 Qxc8 25. exf5 Qd8 26. Bf1 N6d5
27. g3 1-0

[Event "Festival International d'Eté JCL 2013 -"]
[Site "Montpellier"]
[Date "2013.07.10"]
[Round "5.11"]
[White "Blondel, Jerome"]
[Black "Kurayan, Ruslan"]
[Result "0-1"]
[WhiteElo "1957"]
[BlackElo "2413"]
[PlyCount "50"]
[EventDate "2013.??.??"]
[EventType "swiss"]
[EventRounds "5"]
[EventCountry "FRA"]
[SourceDate "2005.09.12"]

1. d4 Nf6 2. Bf4 g6 3. Nc3 d5 4. e3 Bg7 5. Nf3 c6 6. h3 O-O 7. Bd3 b5 8. a3 Re8
9. Ne5 Nfd7 10. O-O f6 11. Nxg6 e5 12. dxe5 fxe5 13. Bh2 a6 14. Bf5 Nb6 15.
Bxc8 Nxc8 16. Nxe5 Bxe5 17. Bxe5 Rxe5 18. Qg4+ Rg5 19. Qe6+ Kh8 20. f4 Rg6 21.
Qe5+ Qf6 22. Qc7 Nd6 23. f5 Rg7 24. Qb6 Ne4 25. Nxd5 Qg5 0-1

[Event "Festival International d'Eté JCL 2013 -"]
[Site "Montpellier"]
[Date "2013.07.10"]
[Round "5.12"]
[White "Stets, Dmitry"]
[Black "Malassagne, Raphael"]
[Result "1-0"]
[WhiteElo "2406"]
[BlackElo "2139"]
[PlyCount "45"]
[EventDate "2013.??.??"]
[EventType "swiss"]
[EventRounds "5"]
[EventCountry "FRA"]
[SourceDate "2005.09.12"]

1. e4 c6 2. d4 d5 3. exd5 cxd5 4. c4 Nc6 5. Nc3 Nf6 6. Bg5 Be6 7. Nf3 g6 8. Qb3
Na5 9. Qa3 dxc4 10. d5 Bd7 11. d6 Qb6 12. O-O-O Be6 13. Nd4 Bg7 14. Nxe6 fxe6
15. Be3 Qa6 16. dxe7 Ng4 17. Rd6 Nb3+ 18. axb3 Qxa3 19. bxa3 Nxe3 20. fxe3 Kxe7
21. Ne4 cxb3 22. Bc4 Rac8 23. Rxe6+ 1-0

[Event "Satka-255"]
[Site "Satka"]
[Date "2013.07.02"]
[Round "1"]
[White "Looshnikov, Nikolai"]
[Black "Bogachev, Victor"]
[Result "1-0"]
[WhiteElo "2491"]
[BlackElo "1932"]
[PlyCount "39"]
[EventDate "2013.??.??"]
[EventType "swiss"]
[EventCountry "RUS"]
[SourceDate "2005.09.12"]

1. e4 c6 2. d4 d5 3. exd5 cxd5 4. c4 Nf6 5. Nc3 Nc6 6. Nf3 Bg4 7. cxd5 Nxd5 8.
Qb3 Nb6 9. d5 Bxf3 10. gxf3 Nd4 11. Bb5+ Nxb5 12. Nxb5 a6 13. Nc3 Qc7 14. Be3
Nc4 15. Qa4+ Kd8 16. O-O-O Nxe3 17. fxe3 g6 18. Kb1 Bg7 19. d6 exd6 20. Nd5 1-0

[Event "Satka-255"]
[Site "Satka"]
[Date "2013.07.02"]
[Round "1"]
[White "Gabaidulina, Olga"]
[Black "Matveev, Vladimir"]
[Result "0-1"]
[WhiteElo "1892"]
[BlackElo "2345"]
[PlyCount "52"]
[EventDate "2013.??.??"]
[EventType "swiss"]
[EventCountry "RUS"]
[SourceDate "2005.09.12"]

1. e4 d6 2. d4 g6 3. Nc3 Bg7 4. Bc4 Nf6 5. f4 c6 6. Nf3 O-O 7. O-O Nxe4 8. Nxe4
d5 9. Bxd5 Qxd5 10. Ng3 Bg4 11. c3 c5 12. dxc5 Qxc5+ 13. Kh1 Nc6 14. Qe2 Rad8
15. Be3 Qa5 16. h3 Bc8 17. Nd2 b6 18. Nb3 Qa4 19. Qf2 e6 20. Rfe1 Bb7 21. Ne2
Rd7 22. Ned4 Ne7 23. Qf1 Rfd8 24. Qb5 Rxd4 25. Nxd4 Rxd4 26. Qxa4 Rxa4 0-1

[Event "Satka-255"]
[Site "Satka"]
[Date "2013.07.02"]
[Round "1"]
[White "Imashev, Ildar"]
[Black "Mikhailov, Vladimir"]
[Result "1-0"]
[WhiteElo "2273"]
[BlackElo "1872"]
[PlyCount "79"]
[EventDate "2013.??.??"]
[EventType "swiss"]
[EventCountry "RUS"]
[SourceDate "2005.09.12"]

1. c4 e5 2. Nc3 f5 3. d4 exd4 4. Qxd4 Nc6 5. Qe3+ Be7 6. Nd5 d6 7. Nf3 h6 8. g3
Kf7 9. Bg2 Nf6 10. O-O Re8 11. Qb3 Rb8 12. Rd1 Ne4 13. Be3 b6 14. Qc2 Bd7 15.
b4 Nf6 16. b5 Nxd5 17. cxd5 Ne5 18. Nd4 Rh8 19. h3 g6 20. f4 Rc8 21. fxe5 dxe5
22. Nc6 Bxc6 23. dxc6 Bd6 24. Bd5+ Kg7 25. Be6 Ra8 26. Bf2 Qf6 27. Bd7 Rhf8 28.
Qc4 Rf7 29. Qe6 Qd8 30. Rac1 Rf6 31. Qc4 Qe7 32. a4 Qf8 33. Rd5 Qe7 34. Rcd1
Raf8 35. a5 Rd8 36. Qa2 Rb8 37. Kh1 Qf8 38. Qa1 Qe7 39. Be1 Kh7 40. Bc3 1-0

[Event "Satka-255"]
[Site "Satka"]
[Date "2013.07.02"]
[Round "1"]
[White "Akhunova, Syumbel"]
[Black "Vaseptsov, Maxim"]
[Result "0-1"]
[WhiteElo "1842"]
[BlackElo "2207"]
[PlyCount "118"]
[EventDate "2013.??.??"]
[EventType "swiss"]
[EventCountry "RUS"]
[SourceDate "2005.09.12"]

1. d4 Nf6 2. c4 e6 3. Nc3 Bb4 4. e3 c5 5. Nge2 b6 6. a3 Ba5 7. f3 O-O 8. e4
cxd4 9. Qxd4 Nc6 10. Qd1 Bxc3+ 11. Nxc3 d5 12. cxd5 exd5 13. Nxd5 Nxd5 14. Qxd5
Qxd5 15. exd5 Nd4 16. Kf2 Nb3 17. Rb1 Bf5 18. Bc4 Bxb1 19. Bxb3 Rac8 20. Bf4
Bc2 21. Ba2 Bd3 22. Rd1 Rc2+ 23. Kg3 Be2 24. Rd2 Rfc8 25. d6 Rxd2 26. Bxd2 Rd8
27. Bf4 Kf8 28. Bd5 Bb5 29. Be4 h6 30. Kf2 Rc8 31. Bf5 Rc5 32. Be4 f5 33. d7
Bxd7 34. Bd6+ Kf7 35. Bxc5 bxc5 36. Bd3 f4 37. Ke2 Kf6 38. Be4 Ke5 39. Kd3 Bb5+
40. Kc3 Bf1 41. g3 g5 42. g4 Bb5 43. b3 Bd7 44. Bb7 Be6 45. a4 Bf7 46. Be4 h5
47. h3 h4 48. Bb7 Be6 49. Bc6 Bc8 50. Bb5 Bb7 51. Be2 Bd5 52. Bd1 Bb7 53. Be2
a5 54. Kc2 Kd4 55. Kd2 Bd5 56. Bd1 c4 57. bxc4 Bxc4 58. Be2 Bxe2 59. Kxe2 Kc3
0-1

[Event "Satka-255"]
[Site "Satka"]
[Date "2013.07.02"]
[Round "1"]
[White "Baigildin, Albert"]
[Black "Kurshev, Nikita"]
[Result "1/2-1/2"]
[WhiteElo "2191"]
[BlackElo "1822"]
[PlyCount "99"]
[EventDate "2013.??.??"]
[EventType "swiss"]
[EventCountry "RUS"]
[SourceDate "2005.09.12"]

1. e4 e6 2. d4 d5 3. Nc3 dxe4 4. Nxe4 Nf6 5. Bg5 Nbd7 6. Nf3 Be7 7. Bxf6 Nxf6
8. Ng3 O-O 9. Bd3 b6 10. Qe2 Bb7 11. O-O-O Bxf3 12. Qxf3 Qd5 13. Qxd5 Nxd5 14.
Rhe1 Rfd8 15. Ne4 Nf6 16. c3 Nxe4 17. Bxe4 Rab8 18. f4 c5 19. d5 exd5 20. Bxd5
Bf6 21. Bc6 Rxd1+ 22. Kxd1 Rd8+ 23. Kc2 h6 24. Re2 Rc8 25. Bb5 Rd8 26. Kb3 Kf8
27. Kc4 Be7 28. g3 h5 29. Ba6 h4 30. Bb7 hxg3 31. hxg3 g5 32. fxg5 Bxg5 33. Kb5
Rd2 34. Rxd2 Bxd2 35. Ka6 Bc1 36. b3 Bd2 37. Kxa7 b5 38. Kb6 b4 39. Kxc5 Bxc3
40. Kc4 Be1 41. g4 f6 42. Kb5 Ke7 43. Ka4 Kd6 44. a3 bxa3 45. Kxa3 Kc7 46. Be4
Kb6 47. b4 Bd2 48. Kb3 Bg5 49. Kc4 Bh4 50. Bd3 1/2-1/2

[Event "Satka-255"]
[Site "Satka"]
[Date "2013.07.02"]
[Round "1"]
[White "Muksimova, Oksana"]
[Black "Tsvetkov, Pavel"]
[Result "0-1"]
[WhiteElo "1807"]
[BlackElo "2123"]
[PlyCount "76"]
[EventDate "2013.??.??"]
[EventType "swiss"]
[EventCountry "RUS"]
[SourceDate "2005.09.12"]

1. d4 Nf6 2. Nf3 g6 3. c4 Bg7 4. Nc3 d5 5. e3 O-O 6. Bd3 c5 7. O-O cxd4 8. exd4
Nc6 9. Be3 Bg4 10. c5 e5 11. Be2 e4 12. Ne1 Bxe2 13. Qxe2 b6 14. Qb5 Qd7 15.
cxb6 Rab8 16. b3 Rfc8 17. f3 Qe6 18. Qe2 axb6 19. fxe4 dxe4 20. Nc2 Ne7 21. Nb5
Nf5 22. Bf4 Rb7 23. Be5 Rd7 24. Nb4 h5 25. Rac1 Rxc1 26. Rxc1 Ng4 27. Bxg7 Kxg7
28. Qb2 Kh7 29. h3 Nge3 30. Rc6 Qe7 31. a3 Qg5 32. Rc8 Ne7 33. Re8 Qxb5 34. d5
Qf1+ 35. Kh2 Ng8 36. Rxe4 Nxd5 37. Nxd5 Rxd5 38. Re2 Qf4+ 0-1

[Event "Satka-255"]
[Site "Satka"]
[Date "2013.07.02"]
[Round "1"]
[White "Polosin, Evgeni"]
[Black "Kuparev, Alexander"]
[Result "1-0"]
[WhiteElo "2114"]
[BlackElo "1804"]
[PlyCount "37"]
[EventDate "2013.??.??"]
[EventType "swiss"]
[EventCountry "RUS"]
[SourceDate "2005.09.12"]

1. e4 c5 2. Nf3 d6 3. d4 cxd4 4. c3 e6 5. cxd4 Be7 6. Bd3 Nf6 7. O-O O-O 8. Qe2
Re8 9. Rd1 Nc6 10. e5 Nd5 11. a3 a6 12. h4 g6 13. h5 b5 14. hxg6 hxg6 15. Qc2
Bb7 16. Bxg6 fxg6 17. Qxg6+ Kh8 18. Qh6+ Kg8 19. Qxe6+ 1-0

[Event "Satka-255"]
[Site "Satka"]
[Date "2013.07.02"]
[Round "1"]
[White "Povolotsky, Evgeny"]
[Black "Soldatenkov, Anton"]
[Result "1-0"]
[WhiteElo "2079"]
[BlackElo "1796"]
[PlyCount "57"]
[EventDate "2013.??.??"]
[EventType "swiss"]
[EventCountry "RUS"]
[SourceDate "2005.09.12"]

1. d4 d5 2. c4 dxc4 3. e3 e5 4. Nf3 exd4 5. Qxd4 Qxd4 6. Nxd4 Bc5 7. Nb5 Bb6 8.
Bxc4 Nf6 9. b3 Nc6 10. Ba3 a6 11. N5c3 Ne5 12. Nd2 Bg4 13. h3 Bd7 14. Nd5 Nxd5
15. Bxd5 c6 16. Be4 O-O-O 17. Bb2 Bc7 18. f4 Ng6 19. Bxg7 Rhg8 20. Bf6 Rde8 21.
Kf2 Re6 22. Bd4 Rge8 23. f5 Rxe4 24. Nxe4 Rxe4 25. fxg6 hxg6 26. Kf3 Rh4 27.
Bf6 Rh5 28. g4 Rd5 29. Rad1 1-0

[Event "Satka-255"]
[Site "Satka"]
[Date "2013.07.02"]
[Round "1"]
[White "Leolko, Ludmila"]
[Black "Pleshakov, Anton"]
[Result "0-1"]
[WhiteElo "1792"]
[BlackElo "2071"]
[PlyCount "76"]
[EventDate "2013.??.??"]
[EventType "swiss"]
[EventCountry "RUS"]
[SourceDate "2005.09.12"]

1. e4 c5 2. Nf3 e6 3. d4 cxd4 4. Nxd4 Nc6 5. c4 Qc7 6. Be3 a6 7. Nc3 Nf6 8. Be2
Bb4 9. f3 O-O 10. Nc2 Bxc3+ 11. bxc3 Qa5 12. Qd2 d5 13. exd5 exd5 14. c5 Bf5
15. O-O Rfe8 16. Nd4 Bg6 17. Nb3 Qa4 18. g4 Nd7 19. Rfc1 Nde5 20. Nd4 h5 21. h3
Na5 22. Bf2 Nac4 23. Qg5 hxg4 24. hxg4 f6 25. Qh4 Bd3 26. Bxd3 Nxd3 27. Rcb1
Qd7 28. a4 Nxc5 29. Kg2 Nd3 30. Rh1 Nf4+ 31. Kg1 Ne5 32. Ra2 Qc7 33. Rc2 b5 34.
Bg3 Neg6 35. Qh7+ Kf7 36. Nf5 Qc5+ 37. Kh2 Rh8 38. Nh6+ Kf8 0-1

[Event "Satka-255"]
[Site "Satka"]
[Date "2013.07.02"]
[Round "1"]
[White "Myakota, Sergei"]
[Black "Vyalykh, Anastasiya"]
[Result "1-0"]
[WhiteElo "2049"]
[BlackElo "1779"]
[PlyCount "71"]
[EventDate "2013.??.??"]
[EventType "swiss"]
[EventCountry "RUS"]
[SourceDate "2005.09.12"]

1. Nf3 Nf6 2. c4 g6 3. Nc3 Bg7 4. g3 c6 5. Bg2 d5 6. cxd5 Nxd5 7. Nxd5 cxd5 8.
d4 O-O 9. O-O Nc6 10. b3 Bf5 11. Bb2 Rc8 12. Qd2 Qb6 13. Rfc1 Be4 14. Ne5 Rfd8
15. Nxc6 Rxc6 16. Rxc6 bxc6 17. Rc1 Bxg2 18. Kxg2 f6 19. Rc5 e5 20. Qc2 Rd6 21.
e4 dxe4 22. dxe5 Re6 23. Qc4 Kf7 24. exf6 Bxf6 25. Bxf6 Kxf6 26. b4 h5 27. h4
Ke7 28. Qc3 Kf7 29. a3 a6 30. Qc4 Ke7 31. Qd4 Qc7 32. Ra5 Qd7 33. Qg7+ Kd6 34.
Qf8+ Qe7 35. Qf4+ Re5 36. Rxa6 1-0

[Event "Satka-255"]
[Site "Satka"]
[Date "2013.07.02"]
[Round "1"]
[White "Akhunova, Narkas"]
[Black "Sofyin, Pavel"]
[Result "0-1"]
[WhiteElo "1749"]
[BlackElo "2026"]
[PlyCount "57"]
[EventDate "2013.??.??"]
[EventType "swiss"]
[EventCountry "RUS"]
[SourceDate "2005.09.12"]

1. d4 Nf6 2. c4 c5 3. Nf3 g6 4. e3 Bg7 5. Be2 O-O 6. O-O cxd4 7. exd4 d5 8. c5
b6 9. h3 Ne4 10. Be3 bxc5 11. dxc5 Bxb2 12. Nbd2 Nc3 13. Qb3 Nxe2+ 14. Kh1 Bxa1
15. Rxa1 d4 16. Bh6 Nc3 17. Re1 Qd5 18. Re5 Qxb3 19. axb3 Nc6 20. Rg5 f6 21.
Rg3 Ne2 22. Bxf8 Nxg3+ 23. fxg3 Kxf8 24. g4 e5 25. Ne4 Ke7 26. Ne1 Be6 27. Nd2
Bd5 28. Nd3 g5 29. Nf3 0-1

[Event "Satka-255"]
[Site "Satka"]
[Date "2013.07.02"]
[Round "1"]
[White "Ivanov, Stepan"]
[Black "Kiseleva, Olga"]
[Result "1-0"]
[WhiteElo "2021"]
[BlackElo "1737"]
[PlyCount "80"]
[EventDate "2013.??.??"]
[EventType "swiss"]
[EventCountry "RUS"]
[SourceDate "2005.09.12"]

1. d4 d5 2. c4 c6 3. e3 Nf6 4. Nc3 e6 5. Qc2 Nbd7 6. Nf3 a6 7. a3 Be7 8. b4 b5
9. c5 a5 10. Rb1 a4 11. Bd3 Qc7 12. O-O O-O 13. Bd2 e5 14. e4 exd4 15. Nxd4
dxe4 16. Nxe4 Bb7 17. Rbe1 Rae8 18. Nf5 Nxe4 19. Rxe4 Nf6 20. Bf4 Qd7 21. Rxe7
Rxe7 22. Nxe7+ Qxe7 23. Bd6 Qe6 24. Bxf8 Kxf8 25. Qe2 Qd7 26. Rd1 Nd5 27. Be4
g6 28. Bxd5 cxd5 29. Qe5 Kg8 30. Re1 Bc6 31. Qd6 Qb7 32. Re7 Qa8 33. Rc7 Be8
34. h4 h5 35. c6 d4 36. Qxd4 Bxc6 37. Qc5 Bb7 38. Qe7 Bd5 39. Rd7 Qc6 40. Rd8+
Kh7 1-0

[Event "Satka-255"]
[Site "Satka"]
[Date "2013.07.02"]
[Round "1"]
[White "Buldakova, Irina"]
[Black "Karimov, Zakir"]
[Result "1-0"]
[WhiteElo "1726"]
[BlackElo "1999"]
[PlyCount "91"]
[EventDate "2013.??.??"]
[EventType "swiss"]
[EventCountry "RUS"]
[SourceDate "2005.09.12"]

1. e4 c5 2. g3 Nc6 3. Bg2 g6 4. d3 Bg7 5. f4 d6 6. Nf3 e6 7. O-O Nge7 8. c3 O-O
9. d4 Qb6 10. dxc5 dxc5 11. Qe2 Qc7 12. Na3 a6 13. Be3 b6 14. Rad1 Bb7 15. Nc4
Rfd8 16. e5 Nf5 17. g4 Nxe3 18. Qxe3 Ne7 19. Nd6 Bd5 20. c4 Bc6 21. Ng5 Rf8 22.
Be4 Rad8 23. h4 h6 24. Nf3 Nc8 25. Nxc8 Qxc8 26. Bc2 Qb7 27. h5 gxh5 28. gxh5
Rxd1 29. Bxd1 Rd8 30. Bc2 b5 31. Nh4 Qe7 32. Nf3 bxc4 33. Rf2 Qb7 34. b3 cxb3
35. axb3 Kh8 36. Kh2 Bf8 37. f5 Bxf3 38. Rxf3 Rd4 39. fxe6 Qe7 40. Rxf7 Qh4+
41. Kg2 Rg4+ 42. Kf1 Qh1+ 43. Ke2 Rg2+ 44. Kd3 c4+ 45. bxc4 Bg7 46. e7 1-0

[Event "Satka-255"]
[Site "Satka"]
[Date "2013.07.02"]
[Round "1"]
[White "Kanakin, Konstantin"]
[Black "Yanko, Ivan"]
[Result "1-0"]
[WhiteElo "1987"]
[BlackElo "1641"]
[PlyCount "85"]
[EventDate "2013.??.??"]
[EventType "swiss"]
[EventCountry "RUS"]
[SourceDate "2005.09.12"]

1. d4 d5 2. c4 e6 3. Nf3 Nf6 4. e3 Nbd7 5. Nbd2 a6 6. b3 dxc4 7. bxc4 c5 8. Bd3
Bd6 9. O-O O-O 10. Bb2 b6 11. Nb3 Bb7 12. Ne5 Be4 13. Bxe4 Nxe4 14. Qc2 f5 15.
f3 Nef6 16. Nd2 Qc7 17. f4 cxd4 18. exd4 Bxe5 19. fxe5 Ng4 20. Qc3 f4 21. Rf3
Qc6 22. Nf1 Rf7 23. h3 Nh6 24. Qd3 Rd8 25. Qe2 Nf8 26. Rd1 Ng6 27. Rc3 Nh4 28.
d5 Qc8 29. Qf2 N4f5 30. Qxb6 Rb7 31. Qf2 Ne3 32. Rdc1 Qb8 33. Ba1 exd5 34. Qxf4
d4 35. Rd3 Rf8 36. Qxd4 Nxf1 37. Rxf1 Rxf1+ 38. Kxf1 Rb1+ 39. Kf2 Qf8+ 40. Rf3
Nf5 41. Qd5+ Kh8 42. Bc3 Rf1+ 43. Kxf1 1-0

[Event "Satka-255"]
[Site "Satka"]
[Date "2013.07.02"]
[Round "1"]
[White "Allayarova, Lira"]
[Black "Shelokov, Valery"]
[Result "0-1"]
[WhiteElo "1599"]
[BlackElo "1982"]
[PlyCount "36"]
[EventDate "2013.??.??"]
[EventType "swiss"]
[EventCountry "RUS"]
[SourceDate "2005.09.12"]

1. d4 Nf6 2. c4 g6 3. Nc3 d5 4. cxd5 Nxd5 5. f3 Bg7 6. e4 Nxc3 7. bxc3 c5 8.
Be3 Qa5 9. Ne2 O-O 10. Qd2 Rd8 11. Rd1 Nc6 12. g3 Ne5 13. Bg2 Nc4 14. Qc1 Qxa2
15. d5 b6 16. Nf4 Ba6 17. Bf1 Rd7 18. Bxc4 Qxc4 0-1

[Event "Satka-255"]
[Site "Satka"]
[Date "2013.07.03"]
[Round "2"]
[White "Sofyin, Pavel"]
[Black "Looshnikov, Nikolai"]
[Result "0-1"]
[WhiteElo "2026"]
[BlackElo "2491"]
[PlyCount "66"]
[EventDate "2013.??.??"]
[EventType "swiss"]
[EventCountry "RUS"]
[SourceDate "2005.09.12"]

1. e4 d5 2. exd5 Qxd5 3. Nc3 Qd6 4. d4 Nf6 5. Nf3 c6 6. h3 Bf5 7. Bd3 Bxd3 8.
Qxd3 Nbd7 9. O-O e6 10. Ne2 Be7 11. Bf4 Qb4 12. c4 O-O 13. a3 Qb6 14. b4 a5 15.
b5 cxb5 16. cxb5 Rfc8 17. Rac1 Qd8 18. Qb3 a4 19. Rxc8 Qxc8 20. Qd3 Qf8 21. Ra1
Nd5 22. Bd2 N7b6 23. Nc3 Nxc3 24. Qxc3 Qc8 25. Qd3 Qc4 26. Qe4 Qd5 27. Qd3 Rc8
28. Rc1 Rxc1+ 29. Bxc1 Qc4 30. Qxc4 Nxc4 31. Ne5 Nxa3 32. b6 Nc2 33. Nc4 a3 0-1

[Event "Satka-255"]
[Site "Satka"]
[Date "2013.07.03"]
[Round "2"]
[White "Shelokov, Valery"]
[Black "Imashev, Ildar"]
[Result "0-1"]
[WhiteElo "1982"]
[BlackElo "2273"]
[PlyCount "66"]
[EventDate "2013.??.??"]
[EventType "swiss"]
[EventCountry "RUS"]
[SourceDate "2005.09.12"]

1. e4 e5 2. d4 exd4 3. Qxd4 Nc6 4. Qe3 Bb4+ 5. Nc3 Nf6 6. Bd2 O-O 7. O-O-O Re8
8. f3 d5 9. Qf2 d4 10. Nb5 Bc5 11. c3 a6 12. Nxd4 Nxd4 13. cxd4 Bxd4 14. Be3
Bxe3+ 15. Qxe3 Qe7 16. Bc4 b5 17. Bb3 c5 18. Ne2 c4 19. Bc2 Be6 20. Nf4 Rac8
21. Kb1 Qc7 22. Nxe6 Rxe6 23. Rd4 Nd7 24. Rhd1 Nc5 25. g3 f5 26. Qf4 fxe4 27.
Rd8+ Qxd8 28. Rxd8+ Rxd8 29. Bxe4 Nxe4 30. fxe4 Rde8 31. Kc2 Rxe4 32. Qd6 Kh8
33. Qxa6 b4 0-1

[Event "Satka-255"]
[Site "Satka"]
[Date "2013.07.03"]
[Round "2"]
[White "Vaseptsov, Maxim"]
[Black "Kanakin, Konstantin"]
[Result "1-0"]
[WhiteElo "2207"]
[BlackElo "1987"]
[PlyCount "71"]
[EventDate "2013.??.??"]
[EventType "swiss"]
[EventCountry "RUS"]
[SourceDate "2005.09.12"]

1. e4 c5 2. Nf3 Nc6 3. Bb5 g6 4. Bxc6 dxc6 5. d3 Bg7 6. h3 Nf6 7. Nc3 Nd7 8.
Be3 e5 9. a3 Qe7 10. Qb1 a5 11. a4 Nf8 12. Nd2 Ne6 13. Qd1 Qc7 14. O-O O-O 15.
Nc4 Bd7 16. Qd2 f6 17. Ne2 g5 18. g4 b6 19. Ng3 Nf4 20. Kh2 Be6 21. b3 Ra6 22.
Rg1 Rd8 23. Nf5 h5 24. Bxf4 exf4 25. gxh5 Bxf5 26. exf5 Qd7 27. h6 Bxh6 28.
Qxf4 Kh7 29. Qf3 Qc7+ 30. Qg3 Qd7 31. Qf3 Raa8 32. Rge1 Re8 33. Kg2 Rab8 34.
Qh5 Rg8 35. Ne3 Qe8 36. Ng4 1-0